Statistics for Angry Birds by Picture

Click here to take the quiz!

General Stats

  • This quiz has been taken 35 times
  • The average score is 9 of 16

Answer Stats

Answer% Correct
Bomb
100%
Red J. Bird
90%
Chuck
86%
Ethan "Mighty" Eagle
86%
Jay, Jake and Jim
76%
Hal
69%
Matilda
66%
Ice Bird
59%
Silver
59%
Stella
55%
Terence
55%
Bubbles
52%
Melody
28%
Ruby
17%
Jo
14%
Tony
14%

Score Distribution

Percentile by Number Answered

Percent of People with Each Score

Your Score History

You have not taken this quiz